000
00354nam a2200157Ia 4500
008
240624s9999 xx 000 0 und d
041
_a
eng
082
_a
346.07 TAX
100
_a
TAXMANN
245
_a
COMPANIES ACT
250
_a
(21st ed.)
260
_c
2008
_a
New Delhi
_b
Taxmann
300
_a
I-9,2.261, : 24 : cm.
365
_c
RS
_b
20
440
_v
2
999
_c
8150
_d
8150